000 00968nam a2200277Ia 4500
003 OSt
005 20221005111229.0
006 a|||||r|||| 00| 0
007 ta
008 221004b |||||||| |||| 00| 0 hin d
020 _c60
024 _a11108
037 _b327, 20/03/2014, Vani Prakashan
_cTextual
040 _aCRL
_cCRL
_bhin
041 _2hin
_ahin
082 _aO152,3N31x, M5;P1
100 _aवर्मा, श्रीकान्त
245 0 _aठण्ड
246 _aṬhaṇḍa
260 _aनई दिल्ली
_bवाणी प्रकाशन भारत
_c2001
300 _a131पृ0
_ccm.
490 _aश्रीकान्त वर्माकी कहानियॉं; 2
650 _aहिन्दी साहित्य
942 _hO152,3N31x, M5;P1
_cTEXL
_2cc
999 _c1021207
_d1021207